Viu el Parc : abril-juliol / abril-juliol /
Descripción Física:
Fulletons : il·lustracions ; 30 cm
Colección:
Viu el Parc!
MARC
| LEADER | 00000nam a2200000Ia 4500 | ||
|---|---|---|---|
| 001 | 21474, 23183, 23462, 23894, 24992, 25456, 25882, 26122 | ||
| 008 | 160829s2009- xx 000 0 cat d | ||
| 017 | |a DL B 13782-2017 | ||
| 017 | |a DL B 10767-2016 | ||
| 017 | |a DL B 9303-2019 | ||
| 080 | |a FU-40-40, FU-59-40, FU-61-44, FU-62-65, FU-67-90 | ||
| 080 | |a FU-70-53 | ||
| 080 | |a FU-68-71 | ||
| 080 | |a FU-71-47 | ||
| 080 | |a FU-62-65 | ||
| 110 | 1 | |a Parc de la Serralada Litoral (Catalunya) |9 52719 | |
| 245 | |a Viu el Parc : |b abril-juliol / |c Parc de la Serralada Litoral | ||
| 260 | |a Barcelona : |b Diputació Barcelona. Àrea d'Espais Naturals, Xarxa de Parcs Naturals, |c 2009- | ||
| 300 | |a Fulletons : |b il·lustracions ; |c 30 cm | ||
| 310 | |a Anual | ||
| 362 | |a 2009 (7a ed.)- | ||
| 490 | 1 | |a Viu el Parc! | |
| 590 | |a A partir de 2011 canvia l'edició: Àrea de Territori i Sostenibilitat, Gerència de Serveis d'Espais Naturals, Espais Naturals i Medi Ambient. | ||
| 610 | 1 | 0 | |a Parc de la Serralada Litoral (Catalunya) |9 52719 |
| 610 | 1 | 0 | |a Parc de la Serralada Litoral (Catalunya) |x Activitats culturals |9 52712 |
| 710 | 1 | |a Barcelona (Catalunya : Província). |b Xarxa de Parcs Naturals |9 7250 | |
| 710 | 1 | |a Barcelona (Catalunya : Província). |b Gerència de Serveis d’Espais Naturals |9 52730 | |
| 830 | 0 | |9 55831 |a Viu el Parc! | |
| 866 | |a 2009 (7a ed.) | ||
| 866 | |a 2011-2014 | ||
| 866 | |a 2016-2019 | ||
| 901 | |a Arxiu | ||
| 942 | |n 1 |2 udc |c ARXIU | ||
| 952 | |0 0 |1 0 |4 0 |7 1 |9 55098 |a Arxiu |b Arxiu |d 2023-04-04 |h 7a edició (2009) |o FU-40-40 |p 21474 |r 2016-12-01 00:00:00 |w 2016-12-01 |y ARXIU | ||
| 952 | |0 0 |1 0 |4 0 |7 1 |9 56084 |a Arxiu |b Arxiu |d 2023-04-04 |h 11a edició (2013) |o FU-62-65 |p 23894 |r 2016-12-01 00:00:00 |w 2016-12-01 |y ARXIU | ||
| 952 | |0 0 |1 0 |4 0 |7 1 |9 61640 |a Arxiu |b Arxiu |d 2022-05-11 |h 14a edició (2016) |o FU-68-71 |p 25456 |r 2022-05-11 00:00:00 |w 2022-05-11 |y ARXIU | ||
| 952 | |0 0 |1 0 |4 0 |7 1 |9 62341 |a Arxiu |b Arxiu |d 2022-06-13 |h 15a edició (2017) |o FU-70-53 |p 25882 |r 2022-06-13 00:00:00 |w 2022-06-13 |y ARXIU | ||
| 952 | |0 0 |1 0 |4 0 |7 1 |9 62610 |a Arxiu |b Arxiu |d 2022-07-01 |h 17a edició (2019) |o FU-71-47 |p 26122 |r 2022-07-01 00:00:00 |w 2022-07-01 |y ARXIU | ||
| 952 | |0 0 |1 0 |4 0 |6 FU6144 |7 1 |9 65368 |a Arxiu |b Arxiu |d 2023-02-28 |h 10a edició (2012) |l 0 |o FU-61-44 |p 23462 |r 2023-02-28 00:00:00 |w 2023-02-28 |y ARXIU | ||
| 952 | |0 0 |1 0 |4 0 |7 1 |9 65413 |a Arxiu |b Arxiu |d 2023-03-01 |h 12a edició (2014) |o FU-62-131 |p 27447 |r 2023-03-01 00:00:00 |w 2023-03-01 |y ARXIU | ||
| 952 | |0 0 |1 0 |4 0 |6 FU6791 |7 1 |9 65417 |a Arxiu |b Arxiu |d 2023-03-01 |h 16a edició (2018) |l 0 |o FU-67-91 |p 24992 |r 2023-03-01 00:00:00 |w 2023-03-01 |y ARXIU | ||
| 952 | |0 0 |1 0 |4 0 |6 FU5940 |7 1 |9 65431 |a Arxiu |b Arxiu |d 2023-03-01 |h 9a edició (2011) |l 0 |o FU-59-40 |p 23183 |r 2023-03-01 00:00:00 |w 2023-03-01 |y ARXIU | ||
| 999 | |c 58970 |d 58970 | ||